Countries with the highest percentage of foreign-born population - Statistics

General Stats
  • This quiz has been taken 18 times
  • The average score is 19 of 25
Answer Stats
(%) Country % Correct
30.1 Australia
86%
23 Canada
86%
28.2 New Zealand
86%
76.7 Qatar
86%
40.3 Saudi Arabia
86%
74 United Arab Emirates
86%
100 Vatican
86%
52.3 Bahrain
79%
25.9 Brunei
79%
67.3 Kuwait
79%
69.4 Liechtenstein
79%
51.2 Luxembourg
79%
70.2 Monaco
79%
43.2 Oman
79%
48.7 Singapore
79%
59.1 Andorra
71%
25.1 Iceland
71%
23.1 Ireland
71%
37 Malta
71%
28.8 Switzerland
71%
32.5 Antigua and Barbuda
64%
25.5 Austria
64%
33.8 Jordan
64%
24.5 Lebanon
57%
29.5 Palau
57%
No matching quizzes found
Score Distribution
Percent of People with Each Score
Percentile by Number Answered
Your Score History
You have not taken this quiz